000 00229 a2200097 4500
020 _a9789370980624
100 _aP. K. Pokker
245 _aErikkin thee(എരിക്കിൻ തീ)
260 _bD C books
_c2025
942 _cOO
999 _c115336
_d115335